Depreciated replacement cost : A CPD study pack

Bibliographic Details
Main Author: Britton, W.
Format: Book
Published: Reading : College of Estate Management , 1994
Subjects:

MARC

LEADER 00000cam a2200000 7i4500
001 0000003611
005 20050420.0
020 |a 0947763 
040 |a INS 
090 0 0 |a HF5686.   |b B8629 1994 
100 1 |a Britton, W. 
245 1 0 |a Depreciated replacement cost :   |b A CPD study pack   |c W.Britton 
260 |a Reading :   |b College of Estate Management ,   |c 1994 
300 |a 72p. 
500 |a Sila minta disket daripada petugas perpustakaan 
650 0 0 |a Depreciated replacement cost method 
650 0 0 |a Valuation method 
999 |a 0000006987   |b BOOK   |c Open Shelf   |e Default branch